000 00433nam a22001457a 4500
008 131217b xxu||||| |||| 00| 0 eng d
050 _aSPC HE3419.S8B862
100 _aBritish South Africa Company
_95838
245 _aProposed light railways maps
260 _aLondon
_bWaterlow
_c1910
300 _a9 maps
_c30cm
650 _aRailways - South Africa - Maps
_95839
700 _aWise, C. D. et al.
_95840
942 _2lcc
_cMONOGRAPH
999 _c119308
_d119308